000 00439nmm a2200145Ia 4500
008 251105s9999||||xx |||||||||||||||||und||
041 _aspa
100 _aPrieto de Paula, Ángel Luis
245 0 _aManual de literatura española actual
264 _a[Madrid, España] :
_bCastalia Ediciones,
_c2007
300 _a324 páginas
650 _aSpanish literature
856 _uhttps://public.digitaliapublishing.com/a/31067
942 _cCF
999 _c104243
_d104243